Máximas de moral médica (Record no. 101223)

MARC details
000 -LEADER
campo de control de longitud fija 00812nam a2200217 i 4500
001 - NÚMERO DE CONTROL
campo de control 101223
003 - IDENTIFICADOR DE NÚMERO DE CONTROL
campo de control ES-MaACL
005 - FECHA Y HORA DE LA ÚLTIMA TRANSACCIÓN
campo de control 20230906182841.0
007 - CAMPO FIJO DE DESCRIPCIÓN FÍSICA--INFORMACIÓN GENERAL
campo de control de longitud fija t|
008 - DATOS DE LONGITUD FIJA--INFORMACIÓN GENERAL
campo de control de longitud fija 051014s1931 sp ||||1| spa d
245 00 - MENCIÓN DEL TÍTULO
Título Máximas de moral médica
Resto del título : Madrid: 1847 /
Mención de responsabilidad, etc. compiladas por Dr. José de Arce y Luque.
260 ## - PUBLICACIÓN, DISTRIBUCIÓN, ETC.
Lugar de publicación, distribución, etc. Masnou, Barcelona :
Nombre del editor, distribuidor, etc. Laboratorios del Norte de España,
Fecha de publicación, distribución, etc. 1931.
300 ## - DESCRIPCIÓN FÍSICA
Extensión 18 p. ;
Dimensiones 22 cm.
490 1# - MENCIÓN DE SERIE
Mención de serie Colección de publicaciones médicas histórico-artísticas ;
Designación de volumen o secuencia 7
651 #4 - PUNTO DE ACCESO ADICIONAL DE MATERIA--NOMBRE GEOGRÁFICO
Nombre geográfico Medicina-
Subdivisión de forma Máximas y aforismos.
9 (RLIN) 158147
700 1# - ENTRADA AGREGADA--NOMBRE PERSONAL
Nombre de persona Arce y Luque, José de.
9 (RLIN) 22467
710 2# - ENTRADA AGREGADA--NOMBRE DE ENTIDAD CORPORATIVA
Nombre de entidad corporativa o nombre de jurisdicción como elemento de entrada Laboratorios del Norte de España.
9 (RLIN) 5476
830 0# - PUNTO DE ACCESO ADICIONAL DE SERIE-TÍTULO UNIFORME
Título uniforme Colección de publicaciones médicas histórico-artísticas ;
Designación de volumen o secuencia 7
9 (RLIN) 182835
852 ## - LOCALIZACIÓN
Ubicación ES-MaACL
Número de control de estantería 1933-F-6
Holdings
Estatus retirado Estado de pérdida Estado de daño No para préstamo Colección Biblioteca de origen Biblioteca actual Ubicación en estantería Fecha de adquisición Fuente de adquisición Total de préstamos Signatura topográfica completa Código de barras Visto por última vez Precio de reemplazo Tipo de ítem Koha
        Colección de folletos Biblioteca del Ateneo de Madrid Biblioteca del Ateneo de Madrid Depósito folletos 17/01/2008     1933-F-6 1105681 23/02/2023 23/02/2023 Folleto